| 000 | 00361nam a22001331a 4500 | ||
|---|---|---|---|
| 082 |
_aS 294.538 _bKHE/A |
||
| 100 | _aKhemraj Shrikrishnadass | ||
| 245 |
_aAnushthanaprakasa : mahanibandh/ _cby Khemraj Shrikrishnadass |
||
| 260 |
_aMumbai: _bKhemraj Shrikrishnadass, _c2004. |
||
| 650 | _aCustom Hinduism | ||
| 650 | _aHinduism | ||
| 650 | _aReligion | ||
| 942 | _cBK | ||
| 999 |
_c2502 _d2502 |
||